Early Middle English texts / (Record no. 7176)

MARC details
000 -LEADER
fixed length control field 00453cam a22001571 4500
050 #0 - CALL NUMBER
Classification number PR1120
Item number .D5 1951a
100 1# - AUTHOR
Personal name Dickins, Bruce.
245 10 - TITLE
Title Early Middle English texts /
Statement of responsibility, etc edited by Bruce Dickins and R.M.Wilson.
260 ## - PUBLICATION INFORMATION
Place of publication New York :
Name of publisher Norton,
Year of publication 1951.
300 ## - DESCRIPTION
Number of Pages 335 p. :
Other physical details facsims.
Dimensions 20 cm
500 ## - NOTES
General note Includes Index
505 ## - FORMATTED CONTENTS NOTE
Table of Content Select Bibliography<br/>Facsimiles
650 #0 - SUBJECTS
Topical Term English literature
700 1# - OTHER AUTHORS
Personal name Wilson, R. M.
942 ## - ADDED ENTRY ELEMENTS (KOHA)
Koha item type Books
Holdings
Withdrawn status Lost status Home library Current library Shelving location Date acquired Full call number Accession Number Koha item type
    Methodist University Library Main Methodist University Library Main General Stacks 22/09/2015 PR1120 .D5 1951a 1595 Books
Copyright © 2026  MUG Library